[Event "IBM-B"]
[Site "Amsterdam"]
[Date "1976.??.??"]
[Round "6"]
[White "Pribyl, Josef"]
[Black "Tatai, Stefano"]
[Result "0-1"]
[WhiteElo "2435"]
[BlackElo "2465"]
[Annotator "Kharitonov,A"]
[PlyCount "46"]
[EventDate "1976.07.??"]
[EventType "tourn"]
[EventRounds "11"]
[EventCountry "NED"]
[EventCategory "6"]
[SourceTitle "MCL"]
[Source "ChessBase"]
[SourceDate "1999.07.01"]
[SourceVersion "1"]
[SourceVersionDate "1999.07.01"]
[SourceQuality "1"]

1. e4 e5 2. Nf3 Nc6 3. Bb5 Bc5 4. O-O (4. c3 Qf6 5. d4 exd4 6. e5 Qg6 7. cxd4
Bb4+ 8. Nc3 Nge7 (8... Qxg2 $2 9. Rg1 Qh3 10. Rxg7 $16) 9. O-O d5 10. Qb3 (10.
exd6 Qxd6 11. d5 Bxc3 12. dxc6 bxc6) 10... Bxc3 11. bxc3 O-O 12. Ba3 Rd8 13.
Bxe7 $1 Nxe7 $14 {Sokolov,A-Kharitonov/Lvov URS-ch/1984/1:0/37/}) 4... Qf6 5.
c3 (5. Nc3 Nge7 6. Nd5 Nxd5 7. exd5 Nd4 8. Nxd4 Bxd4 9. c3 Bb6 10. d4 O-O 11.
dxe5 Qxe5 12. Re1 Qf6 $10) (5. d3 h6 6. Be3 Bb6 7. Nbd2 (7. c4 $5) 7... Nge7 8.
c3 O-O 9. Nc4 d6 10. h3 Bxe3 11. Nxe3 Qg6 $10 {Lanka,Z-Kharitonov,A/Jurmala/
1983/1/2-1/2/31/}) 5... Nge7 6. d3 (6. b4 Bb6 7. Na3 $5 g5 $2 (7... a6 $5 8.
Ba4 d6 9. Nc4 Ba7 $13) 8. d4 g4 9. Nxe5 Nxe5 10. dxe5 Qxe5 11. Qxg4 $16 {
Karpov,An-Mariotti,S/JUG/1975/1:0/22/}) 6... h6 (6... O-O $2 7. Bg5) 7. b4 (7.
Be3 Bb6 8. Nbd2 O-O 9. Nc4 d6 10. Nxb6 axb6 11. d4 Ng6 $10 {Matanovic,A-Lein,A/
Vrsac/1979/0:1/41/}) 7... Bb6 8. a4 (8. Nbd2 a6 9. Ba4 O-O 10. Nc4 Ba7 11. Bb3
d6 $10) 8... a5 (8... a6 9. Bc4 d6 10. a5 Ba7 11. Be3 $14) 9. Bb2 $6 (9. Qb3 $5
d6 (9... axb4 $5 10. cxb4 Nd4 11. Nxd4 Bxd4 12. Bb2 $14) 10. Be3 $14) 9... O-O
10. Nbd2 d6 11. Qb3 $6 (11. Nc4 axb4 (11... Bg4 $5) 12. Nxb6 cxb6 13. cxb4 Nxb4
14. Ba3 $44) 11... Bg4 12. Bc4 Ng6 $17 13. h3 Bd7 14. b5 Nce7 15. d4 Nf4 16.
Kh2 g5 $1 17. Rae1 $2 (17. Ng1 exd4 18. cxd4 Bxd4 19. Bxd4 Qxd4 $17) 17... Neg6
18. Re3 $2 (18. Qd1 $5) 18... h5 $1 19. Rd1 (19. Qd1 g4 20. Ng1 exd4 21. cxd4
Bxd4 $17) (19. dxe5 dxe5 20. Ree1 g4 $19) 19... g4 20. hxg4 $2 (20. Ne1 $142
exd4 21. cxd4 Bxd4 22. Bxd4 Qxd4 $17) 20... hxg4 $19 21. Ne1 Kg7 $1 22. Kg1 Rh8
23. Nf1 Qh4 (23... Qh4 24. Ng3 Qh2+ 25. Kf1 Qh1+ 26. Nxh1 Rxh1#) 0-1

[Event "Daugavpils Trade Unions-ch"]
[Site "Daugavpils"]
[Date "1983.??.??"]
[Round "?"]
[White "Kapengut, Albert Z"]
[Black "Arseniev, Vladimir V"]
[Result "1-0"]
[WhiteElo "2455"]
[BlackElo "2325"]
[Annotator "Kholmov,R"]
[PlyCount "45"]
[EventDate "1983.04.??"]
[EventType "swiss"]
[EventRounds "16"]
[EventCountry "URS"]
[SourceTitle "EXT 2015"]
[Source "ChessBase"]
[SourceDate "2014.11.20"]
[SourceVersion "1"]
[SourceVersionDate "2014.11.20"]
[SourceQuality "1"]

1. e4 e5 2. Nf3 Nc6 3. Bb5 Bc5 4. O-O Nd4 5. Nxd4 Bxd4 6. c3 Bb6 7. d4 c6 8.
Ba4 exd4 (8... d6) 9. cxd4 d5 10. exd5 Qxd5 11. Be3 (11. Nc3 Qxd4 12. Qf3 Ne7
13. Re1 Bg4 14. Qg3 Qd7 15. Bg5 f6 16. Bf4 Kf7 17. Bd6 Rhe8 18. Bxe7 Rxe7 19.
Rxe7+ Kxe7 20. h3 Bh5 21. Qxg7+ Kd8 22. Qxf6+ Qe7 23. Qf5 Qf7 24. Qg5+ Kc7 25.
Qe5+ Kc8 26. Ne4 Bc7 27. Nd6+ Bxd6 28. Qxd6 Qd7 29. Qe5 b5 30. Bxb5 cxb5 31.
Qxh5 Rb8 32. Rc1+ Kb7 33. Qf3+ Kb6 34. Qe3+ Ka6 35. Qa3+ Kb6 36. Qc5+ Ka6 37.
Qc6+ Qxc6 38. Rxc6+ Kb7 39. Rh6 Rd8 {1-0 Klovans,J-Zhuravliov,V/Riga 1962 (53)}
) (11. Nc3 Qxd4 12. Re1+ Be6 13. Qf3 {:Kholmov,R}) 11... Ne7 12. Nc3 Qd8 13. d5
$1 Bxe3 $2 (13... O-O) 14. dxc6 $1 Bxf2+ 15. Rxf2 Qxd1+ 16. Rxd1 bxc6 {(?)} 17.
Nd5 $1 Nxd5 18. Bxc6+ Bd7 19. Bxa8 Nb6 20. Bd5 O-O 21. Bb3 g6 22. Rf6 Kg7 23.
Rxb6 $1 1-0

[Event "Capablanca Memorial-B"]
[Site "Matanzas"]
[Date "1994.??.??"]
[Round "3"]
[White "Rodriguez Cespedes, Amador"]
[Black "Martin Del Campo C, Roberto"]
[Result "1-0"]
[WhiteElo "2470"]
[BlackElo "2460"]
[Annotator "Rodriguez,Am"]
[PlyCount "89"]
[EventDate "1994.??.??"]
[EventType "tourn"]
[EventRounds "13"]
[EventCountry "CUB"]
[EventCategory "8"]
[SourceTitle "CBM 043"]
[Source "ChessBase"]
[SourceDate "1994.12.01"]
[SourceVersion "1"]
[SourceVersionDate "1994.12.01"]
[SourceQuality "1"]

1. e4 {Ernst Wedberg} e5 2. Nf3 Nc6 3. Bb5 Bc5 4. c3 $1 f5 (4... Nf6 5. O-O (5.
d4 $1 {Offers better chances for White to keep pressing in the opening.}) 5...
O-O 6. d4 Bb6 {This is a very solid line for Black.}) 5. d4 fxe4 (5... exd4 6.
e5 dxc3 7. Nxc3 Nge7 8. O-O d5 9. exd6 Qxd6 10. Qa4 $16) 6. Bxc6 dxc6 (6...
exf3 7. Bxf3 exd4 8. O-O Nf6 9. Re1+ Be7 10. Bg5 $1 $16 {Torre-Tatai/Haifa ol/
1976/}) 7. Nxe5 (7. Nfd2 {Wedberg} Qg5 8. dxc5 Nf6 $13) (7. Nfd2 $14 {Ernst})
7... Bd6 $6 {A popular choice that should be regarded as inferior to 7...Qd5
after which White is of course better but no clear way to a decisive advantage
have been found.} 8. Qh5+ g6 9. Qe2 {For complete details on the next
variations see the excellent Wedberg Opening Disk C60-C67, I will only mention
the most important lines briefly.} Qh4 {In most cases a queen on h4 supports a
strong attack, this time however, it offers a nice theme for White.} (9... Bf5
10. Bf4 Nf6 11. Nd2 O-O 12. O-O Qe7 13. f3 $14 {Mestel-Plaskett/Brighton/1984/}
) (9... Nf6 10. Bg5 O-O 11. Nd2 Bf5 12. g4 $16 {Smyslov-Vidmar/Groningen/1946/}
) 10. Nd2 Bf5 (10... Nf6 $6 11. h3 O-O 12. g3 $1 $16) (10... Bxe5 11. dxe5 Bf5
12. h3 {Wedberg} O-O-O 13. g4 e3 14. Qxe3 Be6 15. Qxa7 Bxg4 16. Qa8+ Kd7 17.
Qa4 Nf6 18. Qf4 $1 $18 (18. Qf4 {Ernst} g5 19. Qxf6 Rhf8 20. Ne4 $18)) 11. g4
Be6 (11... Bxe5 12. gxf5 Bf6 13. fxg6 (13. Qxe4+ {Wedberg +/-/Davies-Speelman/
Hastings/1987}) 13... hxg6 14. Qxe4+ $16) 12. Nxe4 Bxe5 13. h3 $3 {The key
move that destroys the complete variation, White threatens to trap the black
queen by 14.Bg5 so Black is forced to go for an unpleasant ending.} Bxg4 $8 (
13... Bf6 14. Nc5 $18) (13... Bxd4 14. Bg5 $1 (14. cxd4 Qe7 15. Bg5 Qb4+ 16.
Nc3 {Davies}) 14... Bxg4 (14... Bxf2+ 15. Kd2 $1 $18 Rd8+ 16. Kc2 Bxg4 17. hxg4
) 15. Qd2 $1 Bxf2+ (15... Qh5 16. Qxd4 $18 (16. Ng3 $18)) 16. Nxf2 Qg3 17. hxg4
$18) 14. Qxg4 Qxg4 $8 15. hxg4 $16 Bd6 $6 (15... Bg7 $142 $16 {I feel Black
can defend himself better this way.}) 16. Bg5 $1 Kf7 17. O-O-O (17. Kd2 $5)
17... h6 18. Rh3 Kg7 19. Rdh1 Rf8 20. Nxd6 $5 (20. Kd2 $5) 20... cxd6 21. Be3
d5 (21... g5 22. Bxg5 Rxf2 23. Be3 Rf6 24. g5 Rg6 25. Kd2 $18) 22. R1h2 (22.
Kd2 g5 $1) 22... Rh7 23. Kd2 Rf7 24. Ke2 Re7 25. Kf1 Re4 26. Bd2 $1 Re7 (26...
Rxg4 $4 27. f3 $18) 27. f3 a6 28. Kf2 Rf7 29. Kg2 Re7 30. Kg3 $1 (30. Bf4 Re1)
30... Rf7 31. Bf4 $1 Re7 32. Be5+ Kf7 33. f4 $1 Nf6 $2 (33... Ke6 $16) 34. Rxh6
$18 Ne4+ (34... Nh5+ 35. R2xh5 $1) 35. Kg2 Rxh6 36. Rxh6 Nd2 37. Rh7+ Ke6 38.
f5+ gxf5 39. gxf5+ Kd7 40. Rh8 Nc4 41. Rb8 $1 b5 (41... Nxe5 $2 42. Rxb7+) (
41... Ne3+ 42. Kf3 Nxf5 43. Rxb7+ Ke6 44. Rb6) 42. f6 Rf7 43. Kf3 $1 Nxb2 44.
Kg4 Nd1 45. Kf5 1-0

[Event "Redbus KO"]
[Site "Southend"]
[Date "2000.??.??"]
[Round "3.1"]
[White "Rowson, Jonathan"]
[Black "Adams, Michael"]
[Result "1/2-1/2"]
[WhiteElo "2499"]
[BlackElo "2715"]
[Annotator "Rowson,J"]
[PlyCount "55"]
[EventDate "2000.04.21"]
[EventType "k.o."]
[EventRounds "4"]
[EventCountry "ENG"]
[SourceTitle "CBM 076"]
[Source "ChessBase"]
[SourceDate "2000.05.31"]
[SourceVersion "1"]
[SourceVersionDate "2000.05.31"]
[SourceQuality "1"]

{[%mdl 4100]} 1. e4 e5 2. Nf3 Nc6 3. Bb5 Bc5 4. O-O Nd4 5. Nxd4 Bxd4 6. c3 Bb6
7. d4 c6 8. Ba4 d6 9. Na3 Nf6 10. Bg5 O-O 11. dxe5 {The relatively safe option.
} (11. Re1) (11. Bc2) (11. f4 $5 {looks critical.}) 11... dxe5 12. Qf3 h6 13.
Rad1 Qe7 ({During the game I was slightly concerned about a queen sacrifice to
try to exploit the awkward positioning of my pieces:} 13... hxg5 $5 14. Rxd8
Rxd8 15. Qe2 $1 $14 {J.Levitt. White seems to be in control here because Black
cannot force entry to d2 and keep his bishop on b6 e.g:} Bg4 16. Qc2 Rd7 17.
Nc4 Rad8 18. Nxb6 axb6 19. f3 Rd2 20. Qc1 Be6 21. Rd1) 14. Bxf6 Qxf6 15. Qxf6
gxf6 16. Bb3 Bg4 17. Rd3 Kh7 18. Nc4 $1 (18. Rg3 Bh5 $1 (18... Be6 19. Bxe6
fxe6 20. Rd1 Rad8 21. Rgd3 Rxd3 22. Rxd3 Rd8 23. Rxd8 Bxd8 24. Kf1 $14 {
I had thought such an ending would just be drawn but Mickey was doing his best
to avoid it. He made the telling remark that even if Black was absolutely OK,
most of the world's top players would stear clear of such a position because
Black is totally passive and, especially with the Fischer clock, White can
play on indefinitely at no risk.})) 18... Rad8 $1 (18... Be2 19. Rd7 Bxf1 20.
Kxf1 Rad8 $1 (20... Rab8 21. Ke2 $1 $14 {White has full positional
compensation.}) 21. Rxb7 Rb8 22. Re7 Rbe8 23. Rxe8 Rxe8 24. Nxb6 (24. Ke2 $5
$13) 24... axb6 25. Bxf7 $14) 19. Rxd8 Rxd8 20. Nxb6 axb6 21. f4 (21. Bxf7 Be2
$1 22. Re1 Rd2 23. b4 b5 24. Bb3 Bc4 25. Rd1 Rb2 $1 $11 (25... Rxd1+ 26. Bxd1
Bxa2 27. Bg4 $14)) 21... Be6 22. Bxe6 fxe6 23. fxe5 fxe5 24. g3 $11 {If White
could gain the d-file and centralize the king there would be some winning
chances, but Mickey's active rook discourages any winning plans.} Kg6 25. Kg2
Rd3 26. Rf3 Rd1 27. Rf2 b5 $1 {[%csl Rb2][%cal Gc6c4]} 28. Rf1 1/2-1/2

[Event "Tata Steel-B 77th"]
[Site "Wijk aan Zee"]
[Date "2015.01.12"]
[Round "3"]
[White "Van Kampen, Robin"]
[Black "L'Ami, Erwin"]
[Result "1/2-1/2"]
[WhiteElo "2615"]
[BlackElo "2613"]
[Annotator "Sagar Shah"]
[PlyCount "133"]
[EventDate "2015.01.10"]
[EventType "tourn"]
[EventRounds "13"]
[EventCountry "NED"]
[EventCategory "13"]
[SourceTitle "CBM 165"]
[Source "ChessBase"]
[SourceDate "2015.03.11"]
[SourceVersion "1"]
[SourceVersionDate "2015.03.11"]
[SourceQuality "1"]

{This game is especially interesting because in the recently concluded World
Junior Championships in October 2014, Erwin was the head of the Dutch delegate
that had Robin Van Kampen. So it is safe to assume that Erwin would have known
the style of Robin pretty well.} 1. e4 e5 2. Nf3 Nc6 3. Bb5 Bc5 4. c3 f5 $5 {
A very sharp line and one that is not played so much recently because it seems
to give White a clear edge. Erwin wants to bank on the surprise value of the
opening variation.} 5. d4 fxe4 6. Bxc6 dxc6 7. Nxe5 Bd6 (7... Qd5 8. Qh5+ g6 9.
Qe2 Bd6 10. Nd2 $14) 8. O-O Nf6 9. Bg5 Bxe5 10. dxe5 Qxd1 11. Rxd1 Nd7 12. Rd4
h6 13. Bh4 g5 14. Bg3 Nc5 15. b4 Ne6 16. Rxe4 b6 {Though black is a pawn down,
he has a wonderful blockader on e6.} 17. Nd2 Bb7 18. Re3 O-O-O 19. Ne4 c5 20.
bxc5 Bxe4 21. Rxe4 Nxc5 22. Rd4 Ne6 23. Rdd1 Kb7 24. f3 Kc6 25. Kf2 Kc5 26. Ke3
Kc4 27. Be1 Rd5 28. Rxd5 Kxd5 29. c4+ Kxc4 30. Rc1+ Kd5 31. Rd1+ Kc6 32. g3 Rf8
33. Bf2 Nc5 34. h3 a5 35. Be1 Ne6 36. Bf2 Nc5 37. Be1 Ne6 38. a3 Rf7 39. Bf2
Nc5 40. Be1 Rd7 41. Rd4 Rxd4 42. Kxd4 {An interesting endgame has arisen.
Thanks to pawn majorities on different flanks , white should have an edge as
his bishop is superior than knight.} Kd7 43. Kc4 Ne6 44. Bf2 Ng7 45. g4 Ne6 46.
Be3 Kc6 47. a4 Kd7 48. Kb5 Kc8 49. Kc6 {White seems to have made a lot of
progress but breakting through is not an easy task.} Kd8 50. Kd5 (50. Bf2 Ke7
51. h4 $36) 50... Ke7 51. Ke4 Kf7 52. Kd5 Ke7 53. Ke4 Kf7 54. Bf2 b5 {A bold
decision but L' Ami has it all covered.} 55. axb5 a4 56. Kd3 Nf4+ 57. Kc4 Ke6 (
57... Nxh3 58. Ba7 $11) 58. h4 Ng6 59. hxg5 Nxe5+ 60. Kb4 hxg5 61. Bg3 Nxf3 62.
Bxc7 Kd7 {Inspite of mass exchanges the position is still a draw.} 63. Bg3 Nd2
64. Kxa4 Kc8 65. Kb4 Ne4 66. Be1 Kb7 67. Kc4 1/2-1/2

[Event "Bundesliga 1617"]
[Site "Germany"]
[Date "2017.04.30"]
[Round "14.4"]
[White "Anand, Viswanathan"]
[Black "L'Ami, Erwin"]
[Result "1-0"]
[WhiteElo "2776"]
[BlackElo "2605"]
[Annotator "Sagar Shah"]
[PlyCount "61"]
[EventDate "2016.10.15"]
[EventType "team-tourn"]
[EventRounds "15"]
[EventCountry "GER"]
[SourceTitle "CBM 179"]
[Source "ChessBase"]
[SourceDate "2017.07.12"]
[SourceVersion "1"]
[SourceVersionDate "2017.07.12"]
[SourceQuality "1"]
[WhiteTeam "Baden-Baden"]
[BlackTeam "Solingen"]
[WhiteTeamCountry "GER"]
[BlackTeamCountry "GER"]

1. e4 e5 2. Nf3 Nc6 3. Bb5 Bc5 4. c3 (4. Bxc6 dxc6 5. Nxe5 Qd4 6. Nd3 Qxe4+ $15
) 4... f5 $5 {Erwin plays a mixture of Schliemann and 3...Bc5. This is quite a
dangerous system, but it was maybe not the best idea to try it against Anand,
who is always so very well prepared.} (4... Nf6 {is the main move. The game
could continue something like this.} 5. d4 exd4 6. e5 Ne4 7. cxd4 Bb4+ 8. Nbd2
O-O 9. O-O Nxd2 10. Bxd2 Bxd2 11. Qxd2 $14 {1-0 (50) Anand,V (2779)-Vallejo
Pons,F (2711) Doha 2016}) 5. d4 fxe4 (5... exd4 6. cxd4 (6. exf5 Qe7+ 7. Be2 d5
8. cxd4 Bb4+ 9. Nc3 $14) 6... Bb4+ 7. Bd2 fxe4 8. Bxc6 Bxd2+ 9. Nfxd2 dxc6 10.
Qh5+ Kf8 11. Nxe4 $14) 6. Bxc6 dxc6 7. Nxe5 Bd6 8. Qh5+ g6 9. Qe2 (9. Nxg6 Nf6
10. Qh4 Rg8 $1 {is already a fine position for Black.} 11. Ne5 Rxg2 $11) 9...
Bf5 (9... Qh4 {is also possible.} 10. Nd2 Nf6 11. h3 O-O 12. g3 Qh6 13. Nxe4
$14) 10. h3 {A new move by Anand. Just taking the g4-square under control.
Also g2-g4 could be played at any point.} (10. Nd2 Bxe5 11. dxe5 Qd3 12. Qxd3
exd3 13. Nf3 Be4 $11) (10. g4 Be6 11. Qxe4 Nf6 12. Qe2 O-O $44) 10... Qe7 11.
Bf4 Nf6 12. Nd2 O-O-O 13. O-O (13. g4 Be6 14. Nxe4 $2 Nxe4 15. Qxe4 Bd5 $19)
13... Rhg8 14. Bh2 h5 15. Ndc4 Nd5 16. f3 $5 {The e4-pawn was a source of
weakness in Black's position, but at the same time it was a strength. Instead
of trying to attack and win it, Anand just brings about its elimination.} exf3
17. Qxf3 {This position logically should be better for Black because of his
bishop pair. However, the knight on e5 is very strong. I would say that it is
evenly balanced or slightly easier for White to play.} Bxe5 $6 (17... Rgf8 18.
Nxd6+ cxd6 19. Nc4 Rf6 20. Rae1 $14) 18. Nxe5 Qh7 19. c4 Ne7 20. Rad1 {The
best thing about Anand's play is the simplicity of his moves.} Kb8 21. g4 $1 {
An extremely bold move. White moves the pawns in front of his king, but
clearly understands that Black cannot make use of the weaknesses created by it.
This is world class play.} hxg4 22. hxg4 Be6 (22... Rh8 23. Rf2 $16) 23. Qf6
Bc8 (23... Rh8 24. Rf2 $16) 24. Nf7 $1 {A brilliant move. The knight will be
well placed on g5. It will control the h3-square. The bishop will conrol the
h2-square. So there wont be any squares that Black will be able to
breakthrough on.} Rd7 (24... Bxg4 25. Rde1 Rde8 26. Rxe7 $18) (24... Rde8 25.
Bxc7+ $1 Kxc7 26. Qd6+ Kb6 27. c5+ Ka6 28. Qg3 $18) 25. Ng5 Qh4 26. Qf4 Rh8 27.
Bg3 {Anand is in top notch form. The check on h1 is nothing. White has
complete control.} Qh6 (27... Qh1+ 28. Kf2 $18) 28. Kg2 $1 b6 29. Qe5 {Another
powerful move.} Re8 30. Rh1 Qf8 31. Ne6 {The c7-pawn falls and the game ends.
What a game by Anand! He was like a machine, one good move after another! Ther
is a lot we can learn from the great master!} 1-0

[Event "Excelsior Cup"]
[Site "Gothenburg"]
[Date "1997.01.08"]
[Round "2"]
[White "Moberg, Karl Johan"]
[Black "Hector, Jonny"]
[Result "1/2-1/2"]
[WhiteElo "2335"]
[BlackElo "2500"]
[Annotator "Tisdall,J"]
[PlyCount "36"]
[EventDate "1997.01.??"]
[EventType "tourn"]
[EventRounds "9"]
[EventCountry "SWE"]
[EventCategory "9"]
[SourceTitle "CBM 057"]
[Source "ChessBase"]
[SourceDate "1997.04.01"]
[SourceVersion "1"]
[SourceVersionDate "1997.04.01"]
[SourceQuality "1"]

{Even when Hector agrees a short draw, he does it in a way that does not
disappoint the public or the organisers.  Wedberg: In this game Jonny Hector
sacrifices his queen for two bishops to reach a draw at an early stage.} 1. e4
{Wedberg} e5 2. Nf3 Nc6 3. Bb5 Bc5 4. c3 Bb6 5. d4 (5. O-O {Wedberg} Nf6 6. d4
Nxe4 $5 7. Re1 f5 8. Nbd2 O-O 9. Nxe4 fxe4 10. Bg5 Qe8 11. Rxe4 Qg6 12. Bd3 d5
13. Rxe5 Qh5 14. Rxd5 Be6 15. Rb5 a6 16. Rxb6 cxb6 17. Be3 h6 18. Ne5 $14 {
0-1 Olivier,J-Hector,J/Geneve op 1994 (34)}) 5... exd4 6. cxd4 Nce7 {I had
never seen this before, but a little data search turned up a tiny handful of
games - mostly by Hector.} 7. d5 c6 (7... Nf6 {was Hector's previous try in
this position, and a very obscure position resulted.}) (7... Nf6 {Wedberg} 8.
Nc3 O-O 9. O-O Ba5 10. Bd3 d6 11. h3 c6 12. dxc6 bxc6 13. Qc2 Ng6 14. Ne2 Ne5
15. Nxe5 dxe5 16. Ng3 Bb6 17. Bg5 h6 18. Be3 Be6 $11 {0-1 Kristiansen,J-Hector,
J/Copenhagen op 1991 (44)}) 8. Ba4 d6 9. Nc3 Nf6 10. Bg5 Ng4 11. dxc6 (11. O-O
$14 {Wedberg}) 11... Bxf2+ 12. Ke2 (12. Kd2 $1 {Wedberg Wedberg: This avoids
the check on a6.} b5 (12... bxc6 13. Bxc6+ Bd7 (13... Nxc6 14. Bxd8 $18) 14.
Bxe7 Kxe7 15. Nd5+ Kf8 16. Bxa8 Qxa8 17. h3 Ne5 18. Nxe5 dxe5 19. Qf3 $16) 13.
Nxb5 O-O 14. c7 Qd7 15. h3 Ne5 16. Rc1 $18) 12... bxc6 {White threatens h3, so
black must play violently.} 13. Bxc6+ Nxc6 14. Bxd8 Ba6+ 15. Kd2 Be3+ 16. Ke1 (
16. Kc2 {Wedberg} Rxd8 17. Nd5 Rc8 $13) 16... Bf2+ (16... Rxd8 $2 {Wedberg} 17.
Qa4 Bf2+ 18. Kd1 Bb7 19. h3 Nge5 20. Rf1 Bb6 21. Nd5 $18) 17. Kd2 Be3+ 18. Ke1
(18. Kc2 $5 {is the only attempt to play for a win. Hector was hoping for this
during the game, but afterwards no one was sure what should happen here. Black
can have two bishops for the queen, and has annoying attacking possibilities
against all of the major white pieces. With Hector's reputation preceding him,
white sues for peace.} Rxd8 {Fritz} 19. Nd5 (19. Qe1 Nb4+ 20. Kb3 Nd3 21. Qg3
Rb8+ 22. Ka4 (22. Ka3 Bc5+ 23. b4 (23. Ka4 Rb4+ 24. Ka3 Nxb2 $19) 23... Bxb4+
24. Kb3 Nc5+ 25. Kc2 Ne3+ 26. Kd2 Nxe4+ 27. Kxe3 Nxg3 $19) 22... Nxb2+ 23. Ka5
Bd3 $19) 19... Rc8 20. Kb3 Nf2 21. Qe1 Bd4 22. Nxd4 Nxd4+ 23. Ka4 Nxh1 24. Qh4
f6 25. Rxh1 Bb5+ $11) 18... Bf2+ 1/2-1/2

[Event "Excelsior Cup"]
[Site "Gothenburg"]
[Date "1999.01.11"]
[Round "5"]
[White "Barkhagen, Jonas"]
[Black "Hector, Jonny"]
[Result "1-0"]
[WhiteElo "2415"]
[BlackElo "2542"]
[Annotator "Wedberg,T"]
[PlyCount "93"]
[EventDate "1999.01.07"]
[EventType "tourn"]
[EventRounds "9"]
[EventCountry "SWE"]
[EventCategory "10"]
[SourceTitle "CBM 069"]
[Source "ChessBase"]
[SourceDate "1999.04.01"]
[SourceVersion "1"]
[SourceVersionDate "1999.04.01"]
[SourceQuality "1"]

1. e4 e5 2. Nf3 Nc6 3. Bb5 Bc5 4. c3 f5 5. O-O {Unusual and maybe not as
testing as the main line.} (5. d4 fxe4 6. Bxc6 dxc6 7. Nxe5 {is the main line})
5... fxe4 6. Nxe5 Nxe5 (6... Nf6 7. d4 exd3 8. Nxd3 Be7 9. Bg5 O-O $11 {
0-1 Neckar,L-Banas,J/Cihak 1969/EXT 99 (57)}) 7. Qh5+ Nf7 {This position is
given as = in ECO by Paul Keres and Fridrik Olafsson, but White gets the pair
of bishops in a fairly open position, so that judgement might be a bit too
optimistic.} (7... Ng6 $5 {The N is more active on g6 than on f7, especially
if Black wants to create some play against Whites K-side.}) 8. Qxc5 Nf6 (8...
c6 9. Ba4 d5 10. d3 Nf6 11. Nd2 Qd6 12. Qxd6 Nxd6 13. dxe4 Nfxe4 14. Nxe4 Nxe4
$14 {1/2-1/2 Sanz Alonso,F-Medeiros,H/Sao Paulo 1991/EXT 97 (40)}) 9. d3 c6 10.
Ba4 b6 $6 {This loses a P without real compensation.} (10... d6 11. Qe3 Qb6 12.
dxe4 Qxe3 13. Bxe3 Nxe4 $14 {1-0 Pinski,J-Persson,C/Guarapuava 1995/Juniors 
(35)}) 11. Qe3 Ba6 12. Re1 O-O ({when I see this game I get the feeling that
Hector somehow missed} 12... Bxd3 $2 13. Qxd3 $18) 13. dxe4 Qc7 14. Qg3 d6 15.
Bb3 Rae8 16. Bh6 $5 Nh5 17. Qg4 d5 $5 (17... Kh8 18. Qxh5 Nxh6 19. Nd2 $16) 18.
Qxh5 gxh6 19. Nd2 Qf4 20. Nf3 dxe4 21. Nd4 Kh8 22. Qf5 $1 {This move breaks
Black's attack on the f-file and gives White a very nice ending.} (22. Ne6 $6
Rxe6 23. Bxe6 Ne5 $1 $40 {Excellent chances for Black.}) 22... Qxf5 (22... Ne5
$5) 23. Nxf5 Re5 24. Nd4 Bb7 25. Rad1 Nd8 26. Nc2 c5 27. Rd6 b5 28. Red1 Ree8
29. Ne3 $16 {White has a clear advantage: d-file, better P-formation and a
strong blockading N on e3.} c4 30. Bc2 Ne6 31. a4 Nc5 (31... a6 32. axb5 axb5
33. Rb6 $18) 32. axb5 Nd3 33. Bxd3 exd3 34. Rd7 Bc8 35. Rxa7 $18 Be6 36. Rc7
Rc8 37. Rxc8 Rxc8 38. Ra1 Rb8 39. Ra5 Bf7 40. Kf1 Be8 41. Nxc4 Bxb5 42. Nd2 Bc6
43. b4 Re8 44. Ra6 Bb7 45. Rd6 Ra8 46. f3 Ra3 47. Rd8+ 1-0